000 00595nam a2200193 i 4500
001 61781
003 ES-MaACL
005 20251003063102.0
007 t|
008 031113s1964 sp ||||1| spa d
100 1 _aFarreras Valentí, Pedro,
_d1916-1968
_948899
245 1 0 _aNueva clínica del cáncer /
_cpor P. Farreras Valenti y Dalmau Ciria.
250 _a[1ª ed.].
260 _aBarcelona :
_bToray,
_c1964.
300 _aXII, 308 p., 2 lám. :
_bil. ;
_c22 cm.
700 1 _aDalmau Ciria, Miguel.
_942522
852 _aES-MaACL
_jC-25998
_bR.54573
999 _c61781
_d61781